MDQL
is popping MORE tags! Check the
thread
!
Quizzes
Events
Quiz Creation
Community
Videos
Private Events
Remove Ads
Sign In
Join for FREE
Feedback
Dark Mode
Quiz Categories
Sports
Geography
Music
Movies
Television
Just For Fun
Miscellaneous
History
Literature
Language
Science
Gaming
Entertainment
Religion
Holiday
For Kids
Quiz Lab
Recent
Popular Today
Quiz Kudos Today
Editor Picks
Curator Picks
Quizzes by...
Day
Popularity
Type
Ratings
Length
Year
Community
Subscriptions
Recent Discussions
Orange Saloon
Badges
Playlists
Quests
Create
Leaderboards
Showdown
Live 5
Trivia Bingo
Activity
Puzzle Library
Sporcle Events
Private Events
Virtual Trivia
Globe League
Become a Host
Pub Owners
SporcleCon
Opinionation
Our Games
Videos
Blog
Mobile Apps
Partnerships
Remove Ads and Go Orange
Feedback
Miscellaneous
Crossword
General Knowledge
Baby Names
Logo
Food
Cars
Numbers
Grab Bag
University
College
Popular
Company
Slogans
Restaurants
Justice
Letter
Miscellaneous
Crossword
General Knowledge
Baby Names
Logo
Food
Cars
Numbers
Grab Bag
University
College
Popular
Company
Slogans
Restaurants
Justice
Letter
Random Quiz
Search Sporcle
×
Quiz Lab
Quiz Lab
Miscellaneous
Manga
Type in answers that appear in a list
Type in answers that appear in a list
Classic
Best Score? Go Orange.
Bleach Universe (Manga Only) Stats
Can you name the characters in the Bleach manga?
By
Hyung
20m
229 Questions
1,118 Plays
1,118 Plays
1,118 Plays
Comments
Comments
Give Quiz Kudos
Give Quiz Kudos
-
- Ratings
hide this ad
Replay
Link that replays current quiz
Next Quiz
Link to next quiz in quiz playlist
You Got
0%
They Got
Avg Score
45%
Avg Friend Score
Upgrade to see
Score Distribution
Jump to the score distribution portion of the page
Score
0/229
Timer
20:00
1
Play Today
% Correct
Retsu Unohana
93%
Genryusai Shigekuni Yamamoto
92.7%
Byakuya Kuchiki
90.7%
Gin Ichimaru
90.5%
Soi Fon
90.1%
Sosuke Aizen
89.6%
Toshiro Hitsugaya
89.4%
Shunsui Kyoraku
88.9%
Kenpachi Zaraki
88.8%
Jushiro Ukitake
88.7%
Renji Abarai
88.3%
Kisuke Urahara
87.9%
Rangiku Matsumoto
86.4%
Sajin Komamura
86%
Isane Kotetsu
85.9%
Rukia Kuchiki
85.7%
Ichigo
84.5%
Lisa Yadomaru
84.4%
Momo Hinamori
84.2%
Kaname Tosen
84.2%
Shinji Hirako
84.2%
Mayuri Kurotsuchi
84%
Yoruichi Shihoin
83.7%
Izuru Kira
83.1%
Isshin
82.5%
Nanao Ise
82.2%
Yachiru Kusajishi
82%
Grimmjow Jaegerjaquez
80.6%
Karin
80.6%
Orihime Inoue
80%
Yasutora Sado
80%
Ikkaku Madarame
79.6%
Uryu Ishida
79.1%
Tetsuzaemon Iba
78.4%
Ulquiorra Cifer
78.3%
Shuhei Hisagi
78.2%
Nelliel Tu Odelschwanck
77.6%
Tier Harribel
77%
Ginrei Kuchiki
76.6%
Yuzu
76.5%
Yumichika Ayasegawa
75.1%
Marechiyo Omaeda
74.9%
Marenoshin Omaeda
74.8%
Rojuro Otoribashi
74.7%
Kaien Shiba
74.6%
Franceska Mila Rose
74.5%
Yammy Llargo
74.3%
Kiyone Kotetsu
74.2%
Sentaro Kotsubaki
74.2%
Nemu Kurotsuchi
74.1%
Love Aikawa
73.8%
Coyote Starrk & Lilynette Gingerbuck
73.8%
Akon
73.6%
Kensei Muguruma
72.6%
Ururu Tsumigiya
71.8%
Hanataro Yamada
71.2%
Kon
71%
Nnoitra Gilga
70%
Chikane Iba
69.8%
Chojiro Tadaoki Sasakibe
69%
Sojun Kuchiki
69%
Soken Ishida
68.7%
Kiyone Kotetsu
68.5%
Jinta Hanakari
68.2%
Szayel Aporro Granz
68.1%
Hachigen Ushoda
68%
Masaki
67.4%
Ganju Shiba
67.3%
Tessai Tsukabishi
67.1%
Ryuken Ishida
66.8%
Kukaku Shiba
66%
Tatsuki Arisawa
65.1%
Mashiro Kuna
64.5%
Luppi Antenor
63.7%
Kugo Ginjo
63.4%
Keigo Asano
63.2%
Hiyori Sarugaki
62.6%
% Correct
Baraggan Louisenbairn
61.9%
Aaroniero Arruruerie
61.5%
Yhwach
59.7%
Miyako Shiba
59.2%
Yuyu Yayahara
59.1%
Zommari Rureaux
59.1%
Atau Rindo
56.9%
Bazz-B
56.5%
Riruka Dokugamine
56.1%
Shukuro Tsukishima
55.6%
Jackie Tristan
53.9%
Bambietta Basterbine
53%
Yylfordt Granz
51.9%
Kazui
51.8%
Ryunosuke Yuki
51.1%
Mizuiro Kojima
49.8%
Cirucci Sanderwicci
49.4%
Jidanbo Ikkanzaka
49.3%
Seinosuke Yamada
48.9%
As Nodt
48.5%
Yukio Hans Vorarlberna
48%
Grand Fisher
48%
Kirio Hikifune
47.9%
Pesche Guatiche
47.8%
Di Roy Rinker
47.4%
Chizuru Honsho
47.2%
Loyd Lloyd
46.1%
Dordoni Alessandro del Socaccio
46%
Royd Lloyd
45.8%
Sentaro Kotsubaki
45.8%
Gremmy Thoumeaux
45.7%
Candice Catnipp
45.5%
Gerard Valkyrie
45.2%
Giselle Gewelle
45%
Askin Nakk Le Vaar
44.8%
Lille Barro
44.7%
Jugram Haschwalth
44.2%
Shawlong Kufang
44.2%
Moe Shishigawara
44.1%
Sora Inoue
43.8%
Cang Du
43.8%
Ichibei Hyosube
43.2%
Ichika Abarai
43.1%
Cyan Sung-Sun
43.1%
Wonderweiss Margela
42.9%
Pernida Parnkgjas
42.9%
Mask De Masculine
42.7%
Dondochakka Birstanne
42.5%
Pepe Waccabrada
41.3%
Charlotte Chuhlhourne
41.2%
Loly Aivirrne
41.2%
Giriko Kutsuzawa
41.2%
Ggio Vega
40.9%
Quilge Opie
40.4%
Robert Accutrone
39.8%
BG9
39.7%
Emilou Apacci
39.6%
Don Kanonji
39.5%
Ouetsu Nimaiya
39.3%
Senjumaru Shutara
39.1%
Rin Tsubokura
39.1%
Tenjiro Kirinji
38.2%
Bawabawa
38.1%
Edrad Liones
38%
Menoly Mallia
37.8%
NaNaNa Najahkoop
37.8%
Gantenbainne Mosqueda
36.8%
Tesra Lindocruz
36.4%
Oscar Joaquin de la Rosa
36.4%
Findorr Calius
36%
Liltotto Lamperd
35.8%
Jirobo Ikkanzaka
35.8%
Abirama Redder
35.6%
Choe Neng Poww
35.1%
Genshiro Okikiba
34.8%
Yasochika Iemura
34.8%
Meninas McAllon
34.3%
% Correct
Mizuho Asano
33.7%
Makizo Aramaki
32.9%
Driscoll Berci
32%
Nianzol Weizol
31.4%
Kenpachi Kiganjo
31.2%
Nakeem Grindina
30.7%
Shaz Domino
29.9%
Goteitaishi
29.4%
Berenice Gabrielli
28.9%
Jerome Guizbatt
28.7%
Nirgge Parduoc
28.5%
Rudbornn Chelute
28.3%
Tatsufusa Enjoji
27.3%
Shino
27.3%
Jin'emon Kotsubaki
27.1%
Asguiaro Ebern
26.8%
Rikichi
26.4%
Guenael Lee
25.9%
Lumina
25.2%
Verona
25%
Mihane Shirogane
24.7%
Ryo Kunieda
24.5%
Ginjiro Shirogane
24.4%
Ikumi Unagiya
24.4%
Zennosuke Kurumadani
24.3%
Niko Kuna
22.1%
Kaoru Unagiya
21.8%
Hiyosu
21.3%
Aisslinger Wernarr
21.1%
Runuganga
20.7%
Izaemon Todo
20.3%
Asuka Katakura
20.2%
Luders Friegen
19.8%
Medazeppi
19.7%
Demoura Zodd
19.2%
Kukkapuro
18.8%
Riku Togakushi
18.4%
Hidetomo Kajomaru
18%
Heizo Kasaki
17.8%
Shiroganehiko
17.8%
Harunobu Ogido
17.6%
Taketsuna Gori
17%
Koganehiko
16.7%
Michiru Ogawa
16.1%
Shinobu Eishima
15.9%
Kokichiro Takezoe
15.7%
Misato Ochi
15.1%
Toshimori Umesada
15.1%
Aoga
15.1%
Aoga
13.7%
Mera Hiuchigashima
13.5%
Kaiwan
12.7%
Kazuo
12.6%
Mahana Natsui
12.5%
Kazuhiro
11.6%
Danzomaru
11.3%
Nonomi Nomino
10.5%
Kagine
10.5%
Yokochini
10.4%
Gengoro Onabara
9.9%
Tetsuo Momohara
9.8%
Higonyudo
9.7%
Obuta
9.7%
Satoda
8.7%
Tokie Tonokawa
8.7%
Kanisawa
8.5%
Torue
8.4%
Tsumiko Tsuchimiya
7.6%
Hasuka Hashihara
7.5%
Harada Nobuhiro
1.9%
Shutetsu Nagakiso
1.6%
Ibara Tomokane
1.6%
Togawa Yasuharu
1.6%
Hanyu Reijiro
1.3%
Ryuta Masamichi
1.3%
Quiz Playlist
Details
Report
Send in Message
Add To Playlist
Classic:
Type in answers that appear in a list
Last Updated: Sep 20, 2021
Quiz Scoreboard
CHALLENGE
Sign Up to Join the Scoreboard
Show All
Scores
Hide
Comments
May contain spoilers
Recently Published
1-10 Letter E Words III
by El_Dandy
Language
2m
Street Fighter Characters
by Artimus82
Gaming
60s
College Basketball Coaching Resumes
by pancakes188
Sports
9m
More to Explore
Quiz From the Vault
Featured Blog Post
Where Did the Easter Bunny Come From?
hide this ad
You Might Also Like...
Tags
bleach
Character
Manga
Universe
Today's Top Quizzes in Miscellaneous
Browse Miscellaneous
hide this ad
Today's Top Quizzes in Manga
Browse Manga
Top Contributed Quizzes in Miscellaneous
1
5-to-1: Fast Food
2
The JOE quick-fire general knowledge quiz: Day 174
3
The JOE quick-fire general knowledge quiz: Day 173
4
5-to-1: Cocktails
5
The JOE quick-fire general knowledge quiz: Day 172
6
9x9 Crossword: Disney Movie Titles
7
9x9 Crossword: Charlie and the Chocolate Factory
8
Sunday Crossword: Famous Bodies of Water
9
9x9 Crossword: Flags
10
The JOE quick-fire general knowledge quiz: Day 171
Explore More
Trending Topics
Harry Potter
Disney
Anime
Marvel
Crossword
Kpop
NBA
The Office
NFL
WWE
Puzzle
Pokémon
Soccer
Song
Country
hide this ad
More By:
Hyung
Quiz
Plays
Rating
Category
Featured
Created
Bleach Universe (Manga Only)
1,118
3.80
Miscellaneous
Aug 31, 2012
Bleach Universe (Anime Only)
129
4.00
Television
Sep 5, 2012
Go to Creator's Profile
Score Distribution
Quiz Creator Spotlight
Hyung
Follow
Send a Message
Quizzes Created
-
Created Quiz Play Count
-
More By This Creator
Popular Quizzes Today
1
Find the US States - No Outlines Minefield
2
Find the Countries of Europe - No Outlines Minefield
3
The Countries of the World
4
Find the US States
5
Risky Map Clicking: Biggest States A-Z
6
US States
7
Popular People in 1961
8
Movies - When Are They Set?
More Miscellaneous Quizzes
'K' Logo Minefield
Published
Trending Quizzes
Risky Map Clicking: Least Populous States A-Z
1-10 Letter G Words
1-10 Letter F Words
Countries of the World: 200 Million BC
Risky Map Clicking: Next State Alphabetically
Recently Updated
Beyoncé Albums
pecheneg
Leaping Animals
pecheneg
Reality TV Shows (A-Z)
bhenderson79
Rickey Henderson's Hall of Fame Teammates
pecheneg
Champions League XIs: Arsenal
pecheneg
Quick Pick: Celebrities in WWE's Hall of Fame
aduchscher
A-Z Keypad Blitz II
pecheneg
Multiple Oscar Actors
pecheneg
Mystery Phrase Blitz: Oscar 'Best Actors'
pecheneg
F. Scott Fitzgerald Novels
LTH
Trending Topics
Crossword
Disney
Marvel
Harry Potter
Kpop
NBA
Anime
Country
WWE
Soccer
Pokémon
Song
The Office
NFL
Puzzle
Your Account Isn't Verified!
In order to create a playlist on Sporcle, you need to verify the email address you used during registration. Go to your
Sporcle Settings
to finish the process.
Report this User
Report this user for behavior that violates our
Community Guidelines
.
Details:
Send Report
Go to the Sporcle.com Mobile Site →
Comments